| 000 | 00743nam a2200229 i 4500 | ||
|---|---|---|---|
| 001 | 9545 | ||
| 003 | ES-MaACL | ||
| 005 | 20250811094321.0 | ||
| 007 | t| | ||
| 008 | 931104s1992 sp ||||1| spa d | ||
| 020 | _a84-481-0007-7 | ||
| 080 | _a133.52 | ||
| 100 | 1 |
_aToharia Cortés, Manuel. _9110426 |
|
| 245 | 1 | 0 |
_aAstrología _b: ¿ciencia o creencia? / _cManuel Toharia Cortés. |
| 260 |
_aMadrid [etc.] : _bMcGraw-Hill, _cD.L. 1992. |
||
| 300 |
_aXIII, 204 p. : _bil. ; _c21 cm. |
||
| 490 | 1 | _aSerie McGraw-Hill de divulgación científica | |
| 650 | 1 | 7 |
_aAstrología _2embne _910384 |
| 830 | 0 |
_aSerie McGraw-Hill de divulgación científica _9178515 |
|
| 852 |
_aES-MaACL _jL-17114 _bR.122065 |
||
| 999 |
_c9545 _d9545 |
||